| 000 | 00297 a2200109 4500 | ||
|---|---|---|---|
| 001 | 63445 | ||
| 082 | _a297.1221 IQB | ||
| 090 |
_c37505 _d37505 |
||
| 100 | _aIQBAL S. HUSSAIN | ||
| 245 | _aDecline of the muslim ummah | ||
| 260 |
_aLahore _bMuslims in the 21st Century Sorrows & Sufferings _c2004 |
||
| 942 |
_aNUST-CAE _k297.1221 IQB |
||
| 999 |
_c298518 _d298518 |
||